Els documents d'Andorra als Arxius Departamentals de l'Arièja / [elaborat per: Domènec Bascompte Grau] Domènec Bascompte Grau]
ISBN:
99920-342-1
Publicado:
Andorra la Vella :
Arxiu Històric Nacional, Ministeri d'Educació, Cultura, Juventut i Esports ,
2004
Descripción Física:
163 p. ; 24 cm
MARC
| LEADER | 00000nam a2200000Ia 4500 | ||
|---|---|---|---|
| 001 | 16068 | ||
| 003 | BGR | ||
| 005 | 20260324175317.0 | ||
| 008 | 160829s2004 xx 000 0 cat d | ||
| 020 | |a 99920-342-1 | ||
| 080 | |a A-2-207 | ||
| 100 | |a Bascompte Grau, Domènec |9 26168 | ||
| 245 | |a Els documents d'Andorra als Arxius Departamentals de l'Arièja / [elaborat per: |b Domènec Bascompte Grau] | ||
| 260 | |a Andorra la Vella : |b Arxiu Històric Nacional, Ministeri d'Educació, Cultura, Juventut i Esports, |c 2004 | ||
| 300 | |a 163 p. ; |c 24 cm | ||
| 490 | |a (Arxius estrangers ; 2) (Monografies de l'Arxiu Històric Nacional) | ||
| 590 | |a Abreviatures. | ||
| 590 | |a Índexs | ||
| 650 | |a Documents públics |x Andorra |9 26199 | ||
| 650 | |a Arxius Departamentals de l'Arièja (Andorra) |x Catàlegs |9 26200 | ||
| 650 | |a Andorra |x Història |x Fonts |x Catàlegs I |9 26201 | ||
| 651 | 0 | |a Andorra |v Bibliografia |9 56054 | |
| 710 | 1 | |a Arxiu Nacional d'Andorra |9 70452 | |
| 901 | |a Arxiu | ||
| 942 | |n 1 |2 udc |c MON | ||
| 952 | |0 0 |1 0 |4 0 |6 A2207 |7 1 |9 43918 |a Arxiu |b Arxiu |d 2016-12-01 |l 0 |o A-2-207 |p 16068 |r 2016-12-01 00:00:00 |w 2016-12-01 |y ARXIU | ||
| 999 | |c 46498 |d 46498 | ||